000 00608 a2200181 4500
020 _c490.00
035 _aB-27223
037 _bRP-DIZ-6 / NCP-00-01 / RP-00-01:ENG
082 1 4 _a530
090 _c2012
_d2012
100 1 _aAgarwal, P.K.
245 1 _aKrishna's IIT physics (for IIT Roorkee, M.N.R. and other engineering entrance examination
_cby P.K. Agarwal
250 _a13 rev. ed
260 _aMeerut
_bKrishna Prakashan
_c2001
300 _aVarious pagings
_c24 cm (pbk)
942 _adpl
_cEN
_k530 / AGA
999 _c1978
_d1978